| 000 | 00707nam a22001935i 4500 | ||
|---|---|---|---|
| 001 | 160817 | ||
| 003 | ES-MaACL | ||
| 005 | 20230906212130.0 | ||
| 008 | 941017s1900 sp |||| | spa d | ||
| 040 |
_aCAT _bspa _cCAT _dCCPB |
||
| 080 | _a616 | ||
| 100 | 0 |
_aNubiola, Pedro. _986115 |
|
| 245 | 1 | 0 |
_aDe la secreción gástrica y sus incógnitas _b: tesis para el doctorado de medicina de Pedro Nubiola y Espinós ... : junio de 1900. |
| 260 |
_a[S.l. : _bs.n., _cs.a.] |
||
| 300 |
_a24 p. ; _c22 cm. |
||
| 596 | _aProbablemente impreso en Barcelona. | ||
| 650 | 4 |
_aGastroenterología. _9136168 |
|
| 852 |
_aES-MaACL _jT-1047-F-6 _z-- Enc. hol. conservando la cub. original _z-- Enc. en un vol. facticio |
||
| 999 |
_c160817 _d160817 |
||